Štruktúra odevných a textilných doplnkov
Vzťah dnešného človeka k textilným doplnkom. Dôraz na kvalitu spodnej bielizne. Sortiment kvalitných pančúch, ponožiek a podkolienok. Klobúky, čiapky, šály, šatky, viazanky a motýliky na našom trhu. Certifikácia a testovanie textilných výrobkov. Drobný textil - uteráky, obrusy, záclony atď. Zásobova...
Saved in:
| Main Author: | |
|---|---|
| Format: | Book Chapter |
| Language: | Slovak |
| Subjects: | |
| Tags: |
No Tags, Be the first to tag this record!
|
MARC
| LEADER | 00000naa a2200000 4500 | ||
|---|---|---|---|
| 001 | r033453 | ||
| 005 | 20230929112509.5 | ||
| 041 | 0 | |a slo | |
| 044 | |a SK | ||
| 245 | 1 | 0 | |a Štruktúra odevných a textilných doplnkov |c Eva Krajmerová |
| 520 | |a Vzťah dnešného človeka k textilným doplnkom. Dôraz na kvalitu spodnej bielizne. Sortiment kvalitných pančúch, ponožiek a podkolienok. Klobúky, čiapky, šály, šatky, viazanky a motýliky na našom trhu. Certifikácia a testovanie textilných výrobkov. Drobný textil - uteráky, obrusy, záclony atď. Zásobovanie slovenského trhu kvalitnými textilnými výrobkami. | ||
| 610 | 2 | 0 | |a výrobky textilné |
| 610 | 2 | 0 | |a textil |
| 610 | 2 | 0 | |a odevy |
| 610 | 2 | 0 | |a certifikácia |
| 610 | 2 | 0 | |a testovanie výrobkov |
| 610 | 2 | 0 | |a kvalita výrobkov |
| 610 | 2 | 0 | |a Slovensko |
| 100 | 1 | |a Krajmerová, Eva | |